000 01133 a2200205 4500
001 53346
005 20260407155808.0
008 260407a1981 arg spa d
003 AR-UNSa-BCEJYS
040 _aAR-UNSa-BCEJYS
_bspa
_cAR-UNSa-BCEJYS
080 _a711
_xPrincipios y práctica de la ordenación. Ordenación del territorio, ordenación urbana y rural
245 1 0 _aGeografía de las actividades terciarias
_pUna reinterpretación de la teoría de los lugares centrales
020 _a84-281-0470-0
264 1 _aBarcelona :
_bOikos-tau
_c1981
300 _a243 p.
_c22 cm.
505 _aI. Introducción - II. La teoría de las actividades terciarias: juicio crítico - III. Christaller revisado - IV. La clasificación de las jerarquías urbanas - V. La estructura de los centros comerciales extra-CBD en la Ciudad del Cabo metropolitana - VI. Reexamen del sistema de áreas de mercado de Losch - VII. Hacia una teoría alternativa de las actividades terciarias - VIII. Generalización del modelo intraurbano - IX. Conclusiones
942 _cBK
590 _aniveau_biblio:m niveau_hierar:0
100 1 _aBeavon, Keith S.
999 _c5202
_d5202